00442nam a2200181Ia 4500003000400000005001700004008004100021020001800062040000700080041000800087082002000095100002900115245004900144250000600193260003200199300001600231365001300247OSt20230511155158.0210423s2012 xx 000 0 und d a9781439855799 cAL aeng a663.13 ELMM223 aEL-MANSI (E M T);others. aFermentation microbiology and biotechnology. a3 aBoca RatonbCRC Pressc2012 axix,535bPB b995cINR